000 01028nam a22002897a 4500
003 OSt
005 20260422083315.0
008 260422b |||||||| |||| 00| 0 eng d
010 _a65000570
020 _a0140441395
040 _cPenguin Books,
050 _aPG 3366
_b.E 4 1964
100 _aTolstoy, Leo,
_d1828-1910.
240 _aDetstvo ; Otrochestvo ; Iunostʹ
_lEnglish
245 _aChildhood, boyhood, youth /
_cby Leo Tolstoy ; translated and with an introduction by Rosemary Edmonds.
250 _afirst edition
260 _aHarmondsworth, Middlesex :
_bPenguin Books,
_c1964.
300 _a319 pages ;
_c18 cm.
490 _aPenguin classics ;
_vL139
500 _aTranslation of: Detstvo ; Otrochestvo ; Iunostʹ.
650 _a Autobiographical fiction, Russian
_vTranslations into English.
650 _aYouth
_vFiction
650 _aRussia
_vFiction
655 _2lcgft.
_aBildungsromans.
700 _a Edmonds, Rosemary,
_e translator,
_e writer of introduction.
942 _2lcc
_cBK
_e1st ed.
_n0
999 _c10096
_d10096